skbl

Dr Suryya Kumar Bhuyan Library Web-OPAC
ডঃ সূৰ্য্য
কুমাৰ ভূঞা পুথিভঁৰাল ৱেব-অ'পেক

All Research Scholars are advised to clear the annual library fees to continue using Library Resources, Remote Access, Plagiarism Test and Library Clearance.

Cotton University Book Fair 2026

Paleoseismology : (Record no. 55184)

MARC details
000 -LEADER
fixed length control field 00451nam a2200157Ia 4500
001 - CONTROL NUMBER
control field 55251
008 - FIXED-LENGTH DATA ELEMENTS--GENERAL INFORMATION
fixed length control field 120831n ii |||gr||||Z||||||465
082 ## - DEWEY DECIMAL CLASSIFICATION NUMBER
Classification number 551.22
245 #0 - TITLE STATEMENT
Title Paleoseismology :
Remainder of title International Geography Series Vol-95 /
Statement of responsibility, etc. James P McCalpin Edited .
Medium Textual Documents
260 ## - PUBLICATION, DISTRIBUTION, ETC.
Place of publication, distribution, etc. New York
Name of publisher, distributor, etc. Elsevier
300 ## - PHYSICAL DESCRIPTION
Extent 603pg:
Other physical details ill;
Dimensions 30cm.
653 ## - INDEX TERM--UNCONTROLLED
Uncontrolled term Geology
653 ## - INDEX TERM--UNCONTROLLED
Uncontrolled term Deptt-Geology
700 ## - ADDED ENTRY--PERSONAL NAME
Personal name P McCalpin,James.
942 ## - ADDED ENTRY ELEMENTS (KOHA)
Source of classification or shelving scheme Dewey Decimal Classification
Koha item type Books
Holdings
Withdrawn status Lost status Damaged status Not for loan Collection Home library Current library Shelving location Date acquired Coded location qualifier Total checkouts Full call number Barcode Date last seen Copy number Price effective from Koha item type
          Dr. Suryya Kumar Bhuyan Library Dr. Suryya Kumar Bhuyan Library   31/08/2012 00000   551.22 Me 191 Pa 727/Geol 14/01/2024 1 31/08/2012 Books

Designed and Maintained by Team SKBL
©1901-2026

Powered by Koha